Statistics for Fight or Flight - Conan Gray - All Lyrics

Click here to take the quiz!

General Stats

  • This quiz has been taken 98 times
  • The average score is 247 of 276

Answer Stats

Answer% Correct
fight
100%
Fight
100%
flight,
100%
flight?
100%
I
100%
in
100%
love
100%
or
100%
you
100%
You
100%
die
98%
I’m
98%
I'm
98%
outta
98%
rather
98%
tell
98%
than
98%
the
98%
to
98%
a
96%
have
96%
I'd
96%
Kinda
96%
of
96%
with
96%
cry
94%
front
94%
lie
94%
that
94%
we
94%
are
91%
eyes
91%
me
91%
my
91%
My
91%
new
91%
at
89%
it
89%
Someone
89%
someone
89%
There’s
89%
there's
89%
us
89%
Well,
89%
your
89%
And
87%
didn't
87%
I've
87%
know
87%
they
87%
Baby,
85%
baby,
85%
don't
85%
got
85%
It’s
85%
like
85%
look
85%
on
85%
way
85%
before
83%
'Cause
83%
door
83%
for
83%
is
83%
mine,
83%
Now
83%
say
83%
this
83%
up
83%
used
83%
wish
83%
all
81%
heard
81%
lookin'
81%
met
81%
were
81%
what
81%
while
81%
been
79%
But,
79%
crying
79%
Every
79%
never
79%
our
79%
rumor
79%
scene
79%
smile
79%
they've
79%
They’ve
79%
welling
79%
admit
77%
ain't
77%
as
77%
balcony
77%
both
77%
crime
77%
into
77%
lover
77%
move,
77%
pretty
77%
seems
77%
telephone
77%
true
77%
Callin'
74%
hoping
74%
loved
74%
really
74%
spoke
74%
also
72%
magazine
72%
single
72%
Something's
72%
Telling
72%
throwing
72%
window
72%
had
70%
not
70%
people
70%
perfume
70%
shit
70%
gotten
68%
smell
68%
clothes
66%
other
66%
already
64%
off
60%
thrown
53%

Score Distribution

Percentile by Number Answered

Percent of People with Each Score

Your Score History

You have not taken this quiz